000
00301nam a22001337a 4500
008
181107b xxu||||| |||| 00| 0 eng d
020
_a
9780397515004
041
_a
eng
080
_2
8th
_a
611.018
100
_a
9
101
_a
HIS
245
_a
Histopathology of the Skin
_c
Elder,D
942
_2
udc
_c
BK
999
_c
52158
_d
52158